Top 10 Blackburn Rovers Premier League Most Assists - Statistics

General Stats
  • This quiz has been taken 53 times
  • The average score is 5 of 10
Answer Stats
Player Assists % Correct
Alan Shearer 25
95%
Chris Sutton 34
70%
Morten Gamst Pedersen 44
64%
David Dunn 20
55%
Andy Cole 20
52%
Tim Sherwood 26
48%
Jason Wilcox 33
34%
Brett Emerton 30
32%
Stuart Ripley 40
32%
Kevin Gallacher 20
30%
No matching quizzes found
Score Distribution
Percent of People with Each Score
Percentile by Number Answered
Your Score History
You have not taken this quiz